[Event "EIWCC 2017"]
[Site "Riga"]
[Date "2017.04.16"]
[Round "6"]
[White "Milliet, Sophie"]
[Black "Gueci, Tea"]
[Result "1/2-1/2"]
[WhiteElo "2352"]
[BlackElo "2132"]
[Annotator "TA"]
[PlyCount "196"]
[EventDate "2017.??.??"]
[EventType "swiss"]
[EventCountry "LAT"]
[SourceTitle "playchess.com"]
[Source "ChessBase"]
[SourceQuality "1"]

{[%evp 26,196,2,16,24,36,33,23,29,0,0,0,0,0,0,0,8,-29,0,0,8,-170,0,0,0,0,0,-59,-48,-100,-102,-108,0,-110,-102,-100,-98,-89,-62,-60,0,0,0,0,0,0,0,0,0,0,0,0,0,0,0,0,0,-10,-8,-20,0,0,0,0,0,0,4,4,11,11,11,11,11,8,8,8,11,11,11,11,11,11,11,11,123,123,123,123,52,11,11,11,11,11,11,11,11,11,29975,29974,29965,29965,12833,11,11,11,11,11,11,11,11,11,11,11,11,8,8,8,8,0,8,8,8,8,8,8,8,8,8,8,8,8,8,8,8,0,0,0,0,0,0,0,8,8,8,8,8,8,8,0,0,0,0,0,2,0,0,0,0,0,0,0,0,0,0,0,0,0,0,0,0,0,0]} 1. e4 c6 2. d4 d5 3. Nc3 dxe4 4. Nxe4 Bf5 5. Ng3 Bg6 6. h4 h6 7. Nf3 Nd7 8. h5 Bh7 9. Bd3 Bxd3 10. Qxd3 e6 11. Bd2 Ngf6 12. O-O-O Be7 13. Kb1 O-O 14. Ne4 Nxe4 {B19: Classical Caro-Kann: 4...Bf5 main line} 15. Qxe4 Nf6 16. Qe2 Qd5 {White has an edge.} 17. Be3 Qb5 18. c4 Qf5+ 19. Ka1 c5 (19... Ng4 20. Bc1 Rad8 21. Nh4 Bxh4 22. Rxh4 {1-0 (42) Fier,A (2562)-Akopian,V (2675) Dubai 2017}) 20. Nh4 Qh7 21. dxc5 $146 (21. g4 cxd4 22. Bxd4 {½-½ (42) Abasov,N (2511)-Tari,A (2518) Khanty-Mansiysk 2015}) 21... Rfd8 22. Nf3 Qe4 23. Rh4 $2 (23. Nd2 $1 $11 {and White has nothing to worry.} Qc6 24. g4) 23... Qc6 $2 (23... Rxd1+ $19 24. Qxd1 Ng4) 24. Rhd4 $11 Rxd4 25. Bxd4 Rd8 26. Re1 (26. a3 $11) 26... Bxc5 $15 27. Bxf6 ({Better is} 27. Ne5 $15 Qe4 28. Qxe4 Nxe4 29. Bxc5 (29. Rxe4 Bxd4 30. Kb1 Bxf2 31. Nxf7 Kxf7 $17) 29... Nxc5 30. b4) 27... gxf6 $17 28. a3 Qd6 (28... a5 $17) 29. Ka2 (29. b4 $1 $11 {was the only way to keep the balance.}) 29... Qf4 30. Rh1 f5 31. Re1 b6 32. g3 Qg4 (32... Qc7 $15) 33. Ne5 $1 $11 {[%cal Re5g4]} Qxe2 34. Rxe2 {[%mdl 4096] Endgame KRB-KRN} a5 35. Kb3 Rd4 36. Kc3 Re4 37. Rxe4 fxe4 {KB-KN} 38. Ng4 f5 39. b4 $1 {[%cal Rb4c5]} axb4+ ({Don't go for} 39... fxg4 $2 40. bxc5 bxc5 41. Kb3 $18) 40. axb4 Bd6 ({Not} 40... fxg4 $2 41. bxc5 bxc5 42. Kb3 $18) 41. Nf6+ Kf7 42. Nd7 Bc7 43. c5 bxc5 44. Nxc5 Ke7 45. Kd4 Kd6 46. g4 fxg4 47. Nxe4+ Kc6 48. Kc4 Bf4 49. b5+ Kb6 50. Nc5 e5 51. Nd7+ Kc7 52. Nf6 g3 $1 {[%cal Rg3f2]} 53. fxg3 Bxg3 54. Kc5 Kb7 (54... Bf2+ $11 55. Kd5 Bg3) 55. Ne4 $16 Bh2 56. Nd6+ Kc7 57. b6+ Kd7 $1 58. Kd5 {Threatens to win with Nf7.} Bg1 $1 59. Nc4 e4 $1 60. Kxe4 Kc6 61. Kf5 {Hoping for Kg6.} Bc5 $2 {[%mdl 8192] [#]} (61... Bh2 $11) 62. Kg6 Bf8 63. Ne5+ Kb7 64. Nd7 $2 (64. Nf7 $18 Kxb6 65. Nxh6) 64... Ba3 $11 {The position is equal.} 65. Kxh6 Bc1+ 66. Kg6 Kc6 67. Ne5+ (67. Nf6 $5 {with more complications.} Kxb6 68. Nd5+ Kc6 69. Ne7+ Kc7 70. Nf5) 67... Kxb6 68. Nf7 {[#] And now Ng5 would win.} Kc6 69. Ng5 {Black must now prevent h6.} Kd6 70. h6 Ke7 71. h7 Bb2 72. Ne4 Ba1 73. Ng3 Bb2 74. Nf5+ Kf8 75. Ne3 Bd4 76. Nd5 {White threatens Nf6 and mate.} Bh8 77. Nf6 Ke7 78. Nh5 Kf8 79. Nf4 Ke7 80. Ne2 Kf8 81. Ng1 Ke7 82. Nf3 Kf8 83. Nh4 Ke7 84. Nf5+ Kf8 85. Nh6 Ke7 86. Nf7 Bb2 87. Ng5 Bh8 88. Kf5 Kf8 89. Kg6 Ke7 90. Kh6 Kf6 91. Ne4+ Kf7 92. Kg5 Kg7 93. Nf6 Kf7 94. Nh5 Bb2 95. Kf5 Bh8 96. Nf4 Kg7 97. Ng6 Kxh7 98. Nxh8 Kxh8 1/2-1/2

[Event "EIWCC 2017"]
[Site "Riga"]
[Date "2017.04.16"]
[Round "6"]
[White "Osmak, Iulija"]
[Black "Chan, Naruna"]
[Result "1/2-1/2"]
[WhiteElo "2348"]
[BlackElo "1981"]
[Annotator "TA"]
[PlyCount "113"]
[EventDate "2017.??.??"]
[EventType "swiss"]
[EventCountry "LAT"]
[SourceTitle "playchess.com"]
[Source "ChessBase"]
[SourceQuality "1"]

{[%evp 22,113,37,24,90,102,95,60,55,48,50,42,31,0,0,7,0,0,0,-23,-15,-31,-5,-16,64,68,97,97,106,97,102,91,102,12,13,12,12,0,68,62,70,77,69,72,396,377,389,388,306,64,63,36,578,194,219,46,63,25,28,22,62,61,85,85,78,44,50,15,110,91,173,122,239,221,229,229,246,0,0,0,0,0,0,0,0,0,0,0,0,0,0,0,0,0]} 1. e4 c5 2. Nf3 Nc6 3. Bb5 g6 4. O-O Bg7 5. Re1 Nf6 6. Bxc6 bxc6 7. e5 Nd5 8. c4 Nc7 9. d4 cxd4 10. Qxd4 O-O 11. Qh4 {B31: Sicilian: 2...Nc6 3 Bb5 g6} f6 12. Bh6 {LiveBook: 3 Games} (12. Nc3 Ne6 13. Ne4 fxe5 14. Nfg5 Nxg5 15. Bxg5 Qb6 16. c5 Qxb2 17. Rad1 d5 18. cxd6 exd6 19. Rxd6 Bf5 20. Nf6+ Bxf6 21. Bxf6 Rab8 22. Qc4+ Rf7 23. Red1 Qb1 24. h3 {1-0 (24) Van Wely,L (2667)-Hou,Y (2673) Wijk aan Zee 2015}) 12... d6 (12... g5 $11 13. Qh5 Ne6 14. Bxg7 Nxg7) 13. Bxg7 $16 {White is better.} Kxg7 14. exd6 Qxd6 15. Nc3 e5 $146 (15... Ne6 16. Rad1 Qc7 17. Qe4 Rb8 18. b3 Re8 {½-½ (40) Pridorozhni,A (2555)-Bryzgalin,K (2506) Dagomys 2010}) 16. Rad1 Qb4 17. Ne4 {With the idea Rd6.} Qxc4 18. b3 Qb4 19. Rd6 $40 {[%mdl 128] And now a3 would win. White has some attack.} Nd5 20. Rxc6 {Black must now prevent Rd1.} Bb7 21. Rc4 Qe7 22. Nc5 $1 Rfc8 (22... Rfe8 $11) 23. Nxe5 $1 $14 (23. Nxb7 $6 Qxb7 24. Qe4 Qf7 $11) 23... Re8 ({Don't take} 23... Rxc5 $2 24. Nd3 Qxe1+ 25. Nxe1 Rxc4 26. Qxc4 $18) 24. Nxb7 Qxb7 25. Nf3 Rxe1+ 26. Nxe1 Re8 {[%cal Re8e1]} 27. Nf3 (27. Nc2 $16) 27... Re2 $11 28. h3 Rxa2 29. Qe4 Qb6 (29... Ra1+ $11 30. Kh2 Qd7) 30. Rd4 $14 Ra1+ 31. Kh2 Qc7+ 32. g3 $1 {[%cal Bg2g3,Bg3g4][%mdl 32]} Qc1 $2 {[%mdl 8192]} (32... Nb6 $16) 33. g4 $1 $18 Qc7+ 34. Kg2 Nb6 35. Qe8 $2 (35. g5 $1 $18 {[%cal Rg5f6]} Ra5 36. gxf6+ Kxf6 37. Qh4+ Kg7 38. Re4 (38. Rd8 Rf5 $11)) 35... Qf7 $14 36. Qe3 g5 $2 {[%mdl 8192]} ({Don't go for} 36... Nd5 $2 37. Qd2 Nb6 38. g5 $18) ({Black should play} 36... Ra5 $1 $14) 37. Qc3 $2 (37. Nxg5 Qb7+ 38. Kg3 Qc7+ 39. Kh4) 37... Ra3 38. Nxg5 $2 (38. Rd6 $18) 38... Rxb3 {Threatens to win with ...Qb7+.} 39. Nxf7 (39. Qa1 $5 {is more complex.} Qb7+ 40. f3 Nd5 41. Ne6+ Kg8 42. Nc5) 39... Rxc3 $18 {[%mdl 4096] Endgame KRN-KRN} 40. Nd6 Ra3 41. Nf5+ Kf7 42. Rd8 $1 a5 43. Rh8 Nd5 44. Rxh7+ Ke6 (44... Kg8 $1 $11 45. Rg7+ Kf8) 45. f3 $16 a4 (45... Ra2+ $16 46. Kg3 Nc3) 46. Ra7 ({White should try} 46. h4 $18) 46... Ra1 {[#]} (46... Nf4+ $16 47. Kg3 Ne2+ 48. Kf2 Nf4) 47. h4 $1 $18 {[%cal Bh3h4,Bh4h5][%mdl 32]} a3 {[#]} 48. h5 $1 Nf4+ 49. Kh2 $2 (49. Kf2 $18) 49... Ra2+ $1 $11 {The position is equal.} 50. Kg3 Nxh5+ $1 51. gxh5 Kxf5 {KR-KR} 52. h6 Ra1 53. Kh2 {h7 is the strong threat.} Ra2+ 54. Kg3 {h7 would kill now.} Ra1 55. h7 Rh1 56. Rxa3 Rxh7 57. Ra5+ 1/2-1/2

[Event "EIWCC 2017"]
[Site "Riga"]
[Date "2017.04.16"]
[Round "6"]
[White "Antova, Gabriela"]
[Black "Sedina, Elena"]
[Result "1/2-1/2"]
[WhiteElo "2335"]
[BlackElo "2253"]
[Annotator "TA"]
[PlyCount "40"]
[EventDate "2017.??.??"]
[EventType "swiss"]
[EventCountry "LAT"]
[SourceTitle "playchess.com"]
[Source "ChessBase"]
[SourceQuality "1"]

{[%evp 10,40,25,23,40,2,10,5,14,2,15,12,9,15,18,0,0,0,0,7,0,0,1,0,5,0,0,0,14,0,1,0,4]} 1. d4 d5 2. Nf3 Nf6 3. c4 c6 4. e3 Bf5 5. Nc3 e6 6. Nh4 Be4 {D12: Slav Defence: 3 Nf3 Nf6 4 e3 Bf5} 7. Be2 (7. f3 Bg6 8. Qb3 Qc7 9. Bd2 a6 10. Rc1 dxc4 11. Bxc4 Nbd7 12. a4 Be7 13. g3 Bh5 14. O-O O-O 15. Ng2 Rad8 16. Nf4 Kh8 {½-½ (34) So,W (2822)-Caruana,F (2817) chess.com INT 2017}) 7... h6 $146 {The position is equal.} (7... Nbd7 8. O-O Be7 9. cxd5 cxd5 10. Qb3 Qb6 11. Qxb6 Nxb6 12. f3 Bg6 13. b3 O-O 14. Nxg6 hxg6 {½-½ (81) Papaioannou,I (2625)-Haznedaroglu,K (2498) Bursa 2010}) 8. O-O Bh7 9. Bd3 Be7 10. Nf3 Nbd7 11. Bxh7 Nxh7 12. Qb3 Qb6 13. e4 {[%cal Re4d5]} dxe4 14. Nxe4 Qxb3 15. axb3 Nhf6 16. Nxf6+ Nxf6 17. Bf4 O-O 18. Rfd1 Rfd8 19. h3 a6 20. Bc7 Rdc8 1/2-1/2

[Event "EIWCC 2017"]
[Site "Riga"]
[Date "2017.04.16"]
[Round "6"]
[White "Gara, Ticia"]
[Black "Drljevic, Ljilja"]
[Result "1-0"]
[WhiteElo "2325"]
[BlackElo "2237"]
[Annotator "TA"]
[PlyCount "79"]
[EventDate "2017.??.??"]
[EventType "swiss"]
[EventCountry "LAT"]
[SourceTitle "playchess.com"]
[Source "ChessBase"]
[SourceQuality "1"]

{[%evp 11,79,54,66,51,46,41,41,49,43,46,43,41,50,35,19,35,80,86,81,82,110,103,120,120,121,108,141,116,162,153,172,165,185,175,169,157,231,231,543,550,640,621,622,631,609,613,644,654,702,694,814,814,781,788,1282,1264,1305,1344,2361,2370,2359,2336,2083,1727,29969,6361,10980,12245,6095,6087]} 1. e4 g6 2. d4 Bg7 3. Nc3 Nc6 4. Be3 d5 5. Nxd5 {B06: Modern Defence} (5. exd5 Nb4 6. a3 Nxd5 7. Nxd5 Qxd5 8. c4 Qd8 9. Nf3 Nh6 10. Qb3 Nf5 11. O-O-O O-O 12. Bf4 Nxd4 13. Nxd4 Bxd4 {0-1 (46) Ilincic,Z (2397)-Mihok,O (2506) Kecskemet 2016}) 5... e6 6. Nc3 Nxd4 {LiveBook: 3 Games} 7. f4 $146 {White is slightly better.} (7. Qd2 e5 8. Bc4 Be6 9. Bxe6 fxe6 10. O-O-O Qe7 11. Nce2 O-O-O 12. Nxd4 exd4 {1-0 (41) Filev,G (2329)-Lalev,D (2370) Sunny Beach 2015}) 7... Ne7 8. Nb5 {[%cal Re3d4]} Nec6 9. c3 {[%cal Rb5d4]} Nxb5 10. Qxd8+ Nxd8 11. Bxb5+ c6 12. Bc4 $36 {[%mdl 2048] Black is under pressure.} e5 13. fxe5 Be6 14. Bxe6 Nxe6 15. Nf3 O-O 16. O-O-O Rfe8 17. Rd7 b6 18. Rhd1 h6 19. a4 Bf8 20. Kc2 c5 21. Nd2 Nd8 22. Nc4 Nc6 23. Bf4 Re6 {[#]} (23... Rad8 $16 24. R7d5 h5) 24. Rc7 $1 $18 Rae8 $2 (24... Nd8 {is more resistant.} 25. Rdd7 a6) 25. Nd6 Nxe5 26. Nxe8 Rxe8 27. Bxe5 Rxe5 {[%mdl 4096] Endgame KRR-KRB} 28. Rd8 Kg7 29. Kd3 Be7 30. Rdd7 Kf6 31. Rxa7 c4+ 32. Kxc4 Rxe4+ 33. Kd3 Re6 34. Rxe7 Rxe7 35. Rxe7 Kxe7 {KP-KP} 36. b4 {[%cal Bb2b4,Bb4a5][%mdl 32]} Kd6 37. Kd4 f5 38. a5 bxa5 39. bxa5 g5 40. c4 1-0

[Event "EIWCC 2017"]
[Site "Riga"]
[Date "2017.04.16"]
[Round "6"]
[White "Cosma, Elena-Luminita"]
[Black "Stefanova, Antoaneta"]
[Result "1/2-1/2"]
[WhiteElo "2316"]
[BlackElo "2527"]
[Annotator "TA"]
[PlyCount "121"]
[EventDate "2017.??.??"]
[EventType "swiss"]
[EventCountry "LAT"]
[SourceTitle "playchess.com"]
[Source "ChessBase"]
[SourceQuality "1"]

{[%evp 23,121,0,0,-10,7,-76,-30,-29,0,4,6,0,0,0,29,27,23,36,39,-14,0,-16,-8,-27,-11,-22,-21,-29,0,-10,0,-9,-23,0,0,-35,-31,-50,0,0,0,0,0,0,0,-4,3,0,10,0,0,0,0,0,6,0,0,0,0,0,0,0,74,9,75,0,0,0,0,0,0,0,30,28,19,5,3,3,5,4,5,4,8,8,8,0,5,6,6,5,25,22,30,8,55,30,30,40,55,0]} 1. d4 Nf6 2. Nf3 g6 3. g3 Bg7 4. Bg2 d5 5. O-O O-O 6. c4 c6 7. b3 dxc4 8. bxc4 c5 9. Bb2 cxd4 10. Nxd4 Qb6 11. Qb3 {A49: 1 d4 Nf6 2 Nf3 g6 3 g3: Anti-King's Indian systems} Nfd7 12. e3 e5 {LiveBook: 4 Games} 13. Nc2 $146 {The position is equal.} (13. Nb5 Nc5 14. Qa3 Be6 15. Nd2 Nc6 16. Nc3 Nb4 17. Na4 Nxa4 18. Qxa4 Nd3 {½-½ (48) Matlakov,M (2694)-Inarkiev,E (2709) Doha 2016}) 13... Nc6 14. Nba3 (14. Ba3 $11) 14... Na5 15. Qb4 Qxb4 16. Nxb4 Nb6 17. Rac1 Be6 18. Nd5 Rfd8 {[%cal Rb6d5]} 19. Nc7 Rac8 20. Nxe6 fxe6 21. Rc2 (21. Bh3 $14 Re8 22. c5) 21... Bf8 22. Nb1 {[%cal Ba3b1,Bb1c3,Bc3e4,Be4d6][%mdl 32]} Rxc4 23. Re2 ({Much weaker is} 23. Rd2 Rxd2 24. Nxd2 Rc2 $17) 23... Bg7 24. Nc3 h6 25. h4 Rdc8 26. Ne4 Rc2 27. Rfe1 Rxe2 28. Rxe2 Nac4 29. Bc3 Nd5 30. Be1 Na3 31. Nd6 Rc1 {[#] ...Nc3 is the strong threat.} 32. Kh2 $1 b6 33. Bh3 Nc7 34. Bb4 Nb1 35. Nc8 Kf7 36. Nd6+ Kf6 37. Ne4+ Kf7 38. Nd6+ Kg8 39. Nc8 a5 {[%cal Ba7a5,Ba5a4,Ba4a3][%mdl 32]} 40. Be1 a4 41. Nxb6 a3 $1 42. Bb4 Rc6 (42... Kf7 $11) 43. Nc8 (43. Na4 $16) 43... Nd5 {[#]} (43... Bf8 $11 44. Na7 Ra6) 44. Ne7+ (44. Re1 $1 $16 {[%cal Re1b1]} Kf7 45. Nd6+ (45. Rxb1 Nxb4 46. Rxb4 Rxc8 $16) 45... Kf8 46. Rxb1 (46. Bg2 e4 $16) 46... Nxb4 47. Rxb4 Rxd6 48. Kg2) 44... Nxe7 $11 45. Bxe7 Kf7 46. Re1 Rc2 47. Kg2 Rb2 48. Bc5 {Hoping for Rc1.} Nc3 49. Bxa3 Rxa2 50. Bb4 Nd5 $132 {[%mdl 2048] Black is not keeping still (2)} 51. Bc5 Rc2 52. Ba7 e4 53. Rb1 Bb2 54. Bg4 Nc3 55. Rh1 h5 56. Bd1 Rd2 (56... Rc1 $5 57. Bb3 $8 Rxh1 58. Kxh1 Nb1 $14) 57. Bb3 Nb5 58. Bc5 Kf6 59. Rd1 Rxd1 60. Bxd1 Ba3 61. Be2 (61. Bb6 $14) 1/2-1/2

[Event "EIWCC 2017"]
[Site "Riga"]
[Date "2017.04.16"]
[Round "6"]
[White "Buksa, Nataliya"]
[Black "Gevorgyan, Maria"]
[Result "1-0"]
[WhiteElo "2314"]
[BlackElo "2227"]
[Annotator "TA"]
[PlyCount "125"]
[EventDate "2017.??.??"]
[EventType "swiss"]
[EventCountry "LAT"]
[SourceTitle "playchess.com"]
[Source "ChessBase"]
[SourceQuality "1"]

{[%evp 11,125,25,27,17,35,34,23,22,62,39,63,4,10,2,13,0,0,0,0,0,-4,-14,-25,-17,0,-41,-40,-57,-10,-10,-12,-2,0,-2,0,0,0,-12,-6,-12,-6,-7,-8,-71,-64,-41,0,0,0,0,308,296,305,320,303,285,307,304,343,319,377,377,424,399,364,319,281,264,267,304,411,408,395,392,547,530,520,519,495,430,423,423,436,358,603,607,603,0,593,591,570,552,542,363,489,368,608,601,604,604,591,489,1614,1612,1583,1576,1514,1513,1487,1487,1427,1388,1063,960,1128,1082]} 1. e4 c5 2. Nf3 e6 3. d4 cxd4 4. Nxd4 a6 5. c4 Nf6 6. Nc3 Bb4 7. Qd3 {Threatening e5. B41: Sicilian: Kan Variation: 5 c4} d5 8. exd5 exd5 9. Be2 {White has an edge.} h6 $146 (9... O-O 10. O-O Nc6 11. Nxc6 bxc6 12. cxd5 Nxd5 13. Nxd5 Qxd5 14. Qxd5 cxd5 {½-½ (26) Shirov,A (2689)-Van Wely,L (2632) Puhajarve 2015}) 10. O-O O-O 11. Nc2 (11. Qg3 $14 Bd6 12. Bf4 Bxf4 13. Qxf4) 11... Bxc3 $1 $11 12. Qxc3 Re8 13. Bf3 Nc6 14. Bf4 dxc4 15. Bxc6 bxc6 16. Rad1 Nd5 17. Qxc4 Bg4 18. Rd2 Be6 19. Qd4 Nxf4 20. Qxf4 Qa5 21. a3 Rad8 22. Rxd8 Rxd8 23. Nd4 Bd7 24. h3 Qb6 25. Re1 Qxb2 26. Re7 Be8 27. Qe4 (27. Nf5 $11 {remains equal.}) 27... Kf8 28. Nf5 Qf6 {Threatens to win with ...g6.} 29. Qb4 $36 {[%mdl 2048] Black is under pressure.} Kg8 30. Qe4 Rd1+ $2 {[%mdl 8192]} (30... Kf8 $1 $11 {and Black stays safe.}) 31. Kh2 $18 Bd7 {[#]} 32. Rxd7 $1 {[%mdl 512]} Rxd7 {[%mdl 4096] Endgame KQR-KQN} 33. Qe8+ Kh7 34. Qxd7 g6 35. Ng3 Qxf2 36. Qxc6 a5 37. Qf3 Qa2 38. Ne4 Qe6 39. h4 Qe5+ 40. Ng3 Qe7 41. Qf4 Kg7 42. a4 Qe8 43. Qd4+ Kg8 44. Ne4 {[#] aiming for Nf6+.} Qe6 45. Nd2 Qe7 46. Nf3 Qe8 47. Qf4 h5 $2 (47... Qd7 48. g4 Qe8) 48. Kg3 Qd7 49. Kh2 Qe8 $1 50. Qc4 Qb8+ 51. Kh3 Qd8 52. Qb5 Qc8+ 53. Kh2 Qc7+ $2 (53... Qd8 54. Qg5 Qc7+ 55. Qe5 Qb6 56. Qe8+ Kg7) 54. Qe5 {White is clearly winning.} Qa7 55. Qd6 Qa8 56. Qc7 Qd5 (56... Qa6 $142 57. Qb8+ Kg7 58. Qe5+ Kg8 59. Qb8+ Kg7) 57. Qb8+ Kh7 58. Qf8 {White wants to mate with Ng5+.} g5 59. Nxg5+ Kg6 60. Qg8+ Kf6 61. Nf3 Ke6 62. Qg5 Qd6+ 63. Kh3 1-0

[Event "EIWCC 2017"]
[Site "Riga"]
[Date "2017.04.16"]
[Round "6"]
[White "Berzina, Ilze"]
[Black "Pogonina, Natalija"]
[Result "1/2-1/2"]
[WhiteElo "2297"]
[BlackElo "2478"]
[Annotator "TA"]
[PlyCount "105"]
[EventDate "2017.??.??"]
[EventType "swiss"]
[EventCountry "LAT"]
[SourceTitle "playchess.com"]
[Source "ChessBase"]
[SourceQuality "1"]

{[%evp 22,105,8,5,14,10,23,22,16,0,0,0,4,-6,0,0,0,0,0,-13,-29,-20,-10,-15,-9,-12,-5,-7,0,-10,0,0,0,-7,0,0,0,0,0,0,0,0,0,-6,-7,-7,-8,-30,-25,-41,-33,-32,-34,-27,-27,-31,-31,-208,-183,-177,-175,-165,-162,-259,-8,-18,0,0,0,0,0,-1,-1,-1,0,-13,0,-3,0,-7,-5,-10,0,-9,0,-16]} 1. e4 e5 2. Nf3 Nc6 3. Bb5 {[%cal Bf1b5,Bb5a4,Ba4b3,Bb3d5][%mdl 32]} a6 4. Ba4 Nf6 5. O-O b5 6. Bb3 Bb7 7. d3 Be7 8. Nc3 O-O 9. Bd2 d6 10. Nd5 Nxd5 11. Bxd5 Qc8 {C84: Closed Ruy Lopez: Unusual White 6th moves} 12. Re1 {LiveBook: 5 Games} Bf6 13. c3 Ne7 14. Bxb7 Qxb7 15. d4 Ng6 16. Qc2 Rfe8 17. dxe5 $146 (17. Rad1) 17... Nxe5 18. Nxe5 Rxe5 19. Bf4 Re7 20. Re3 Rae8 {[%cal Re7e4]} 21. Rae1 a5 22. h3 g6 23. R3e2 Qc6 24. Qd3 a4 25. a3 Re6 26. Bg3 Bg7 27. Bf4 h6 28. f3 Qb7 29. Kf1 g5 30. Bg3 Be5 31. Bxe5 Rxe5 32. Kg1 R8e6 33. Kh2 Qc6 34. g3 d5 35. exd5 Rxd5 36. Qc2 {[#] Rxe6 is the strong threat.} Rf6 37. Qe4 Qd6 38. Qe8+ Kg7 39. Qe4 $2 (39. Kg2 $15) 39... Rd3 40. Kg2 Re6 ({Don't do} 40... Rfxf3 41. Qxf3 Rxf3 42. Kxf3 $17) 41. Qg4 {[%cal Re2e6]} Rd2 42. Kf2 (42. f4 {only move.}) 42... c5 $2 {[#]} (42... Kg6 $19 43. f4 Rexe2+ 44. Rxe2 Qc5+ 45. Kf1 Rd1+ 46. Re1 Rxe1+ 47. Kxe1 Qe3+ 48. Kd1 Qd3+ 49. Ke1 f5) 43. f4 $1 $11 {The position is equal.} Rexe2+ (43... Rg6 $5 {is more complex.} 44. Rxd2 Qxd2+ 45. Re2 Qd3 46. Qf3 Qd7) 44. Rxe2 {[%mdl 4096] Endgame KQR-KQR} Rd5 45. fxg5 hxg5 46. Kg2 Qg6 47. Rf2 Re5 48. Kh2 Qd6 49. Qf3 Qe7 50. Qg4 Re4 51. Qf3 Re5 52. Qg4 Re4 53. Qf3 1/2-1/2

[Event "EIWCC 2017"]
[Site "Riga"]
[Date "2017.04.16"]
[Round "6"]
[White "Galojan, Lilit"]
[Black "Utiatskaja, Irina"]
[Result "1-0"]
[WhiteElo "2290"]
[BlackElo "2152"]
[Annotator "TA"]
[PlyCount "51"]
[EventDate "2017.??.??"]
[EventType "swiss"]
[EventCountry "LAT"]
[SourceTitle "playchess.com"]
[Source "ChessBase"]
[SourceQuality "1"]

{[%evp 18,51,48,43,52,26,41,37,57,46,56,8,40,28,52,69,177,176,319,322,367,368,407,380,483,489,493,463,543,546,710,706,683,667,812,796]} 1. d4 Nf6 2. c4 g6 3. Nc3 Bg7 4. e4 d6 5. f3 O-O 6. Be3 c5 7. Nge2 {[%cal Bg1e2,Be2g3,Bg3f1,Bf1d2,Bd2c4][%mdl 32]} Nc6 8. d5 Ne5 9. Ng3 h5 10. Be2 $1 {LiveBook: 164 Games. E81: King's Indian: Sämisch: 6th move deviations (including 6 Be3 c6)} h4 11. Nf1 $1 e6 12. h3 {White is slightly better.} (12. Nd2 exd5 13. cxd5 h3 14. g3 b5 15. Nxb5 Rb8 16. Qc2 Nxd5 17. exd5 Bf5 {0-1 (32) Dreev,A (2644)-Mamedov,R (2657) Berlin 2015}) 12... exd5 13. cxd5 Nh7 14. f4 Nd7 15. Nd2 $36 {[%mdl 2048] White has the initiative.} Bd4 $146 (15... f5 16. exf5 gxf5 17. O-O a6 {½-½ (30) Anelli,A (2101)-Cuenca Jimenez,J (2479) Buenos Aires 2017}) 16. Nc4 b5 ({Better is} 16... Bxe3 $14 17. Nxe3 Re8) 17. Bxd4 $18 cxd4 (17... bxc4 $142 18. Bf2 f5) 18. Nxb5 {[%cal Bc3b5,Bb5d6,Bd6c4,Bc4e5][%mdl 32]} Ba6 19. Nbxd6 ({Don't do} 19. Ncxd6 Bxb5 20. Bxb5 Qf6 $18) 19... d3 20. Qxd3 Nc5 21. Qd4 {White is clearly winning.} Bxc4 22. Nxc4 ({Not} 22. Qxc4 Qxd6 23. O-O Qb6 $11) ({Less strong is} 22. Qxc5 Bxe2 23. Kxe2 Qf6 $18) 22... Nxe4 23. Qxe4 Re8 24. Qd3 Qe7 25. d6 Qe6 26. Ne5 1-0